Quick Pick: Collective Bands Quiz Stats

 Plays Quiz Updated Oct 5, 2018

Score 0/14 Timer 01:30
0 Plays Today
% Correct
Flock
93.8%
Family
88.7%
Class
87.6%
Team
84.7%
Clan
83.8%
People
77.6%
Posse
76.2%
% Correct
Fleet
76.1%
Bunch
74.6%
Gang
73.2%
Group
73.2%
Tribe
72.9%
Council
62.2%
Crew
61.8%

Today's Daily Dose

Word Ladder
Lean on Me

Get the Picture
Superhero by Villain

You're not logged in!

Compare scores with friends on all Sporcle quizzes.
OR
Log In

Sporcle TV

Today on Sporcle TV


Watch our educational content, quiz creation guides, and fun videos on Sporcle TV.

Show Comments

Extras

Top Quizzes Today


Score Distribution

Your Account Isn't Verified!

In order to create a playlist on Sporcle, you need to verify the email address you used during registration. Go to your Sporcle Settings to finish the process.

Report this User

Report this user for behavior that violates our Community Guidelines.

Details: